Chọn tạo dòng/giống lúa hàm lượng amylose thấp bằng dấu chuẩn phân tử SSR trên quần thể lai hồi giao : Luận án Tiến sĩ. Chuyên ngành Công nghệ sinh học
Nghiên cứu, chọn tạo các dòng/giống lúa có phẩm chất tốt liên quan đến chỉ tiêu hàm lượng amylose thấp dựa trên sự kết hợp giữa phương pháp lai hồi giao và chọn giống bằng chỉ thị phân tử
Enregistré dans:
| Auteur principal: | |
|---|---|
| Format: | Livre |
| Langue: | Undetermined |
| Publié: |
Cần Thơ
Trường Đại học Cần Thơ
2019
|
| Sujets: | |
| Tags: |
Ajouter un tag
Pas de tags, Soyez le premier à ajouter un tag!
|
| Thư viện lưu trữ: | Trung tâm Học liệu Trường Đại học Cần Thơ |
|---|
| LEADER | 01137nam a2200217Ia 4500 | ||
|---|---|---|---|
| 001 | CTU_230016 | ||
| 008 | 210402s9999 xx 000 0 und d | ||
| 082 | |a 633.18 | ||
| 082 | |b Đ557 | ||
| 088 | |a 9420201 | ||
| 100 | |a Hồ, Văn Được | ||
| 245 | 0 | |a Chọn tạo dòng/giống lúa hàm lượng amylose thấp bằng dấu chuẩn phân tử SSR trên quần thể lai hồi giao : | |
| 245 | 0 | |b Luận án Tiến sĩ. Chuyên ngành Công nghệ sinh học | |
| 245 | 0 | |c Hồ Văn Được ; Nguyễn Thị Lang (Cán bộ hướng dẫn) | |
| 260 | |a Cần Thơ | ||
| 260 | |b Trường Đại học Cần Thơ | ||
| 260 | |c 2019 | ||
| 520 | |a Nghiên cứu, chọn tạo các dòng/giống lúa có phẩm chất tốt liên quan đến chỉ tiêu hàm lượng amylose thấp dựa trên sự kết hợp giữa phương pháp lai hồi giao và chọn giống bằng chỉ thị phân tử | ||
| 650 | |a Rice,Cây lúa | ||
| 910 | |b nthai | ||
| 980 | |a Trung tâm Học liệu Trường Đại học Cần Thơ | ||